000
00467nam a2200181Ia 4500
008
090123s9999 xx 000 0 und d
082
_b
1889
100
_a
परचुरे आशा
245
_a
पहाट
250
_a
1
260
_b
भंडारी बाबुराव
300
_a
176
600
_a
परचुरे आशा
630
_a
पहाट
700
_a
परचुरे आशा
730
_a
पहाट
942
_c
BOOK
999
_c
39971
_d
39971